| 000 | 00600nam a2200241Ia 4500 | ||
|---|---|---|---|
| 005 | 20250425162054.0 | ||
| 008 | 250425s9999 xx 000 0 und d | ||
| 020 | _a9701703227 | ||
| 041 | _aspa | ||
| 082 | _a005.76 | ||
| 110 | _aPEARSON EDUCACION LATINOAMERICA | ||
| 245 | 0 | _aADOBE ILLUSTRATOR 8.0: CURSO COMPLETO EN UN LIBRO | |
| 250 | _a1A ED. | ||
| 260 | _aMEXICO | ||
| 260 |
_aMéxico _bPRENTICE HALL _c1999 |
||
| 300 | _a418 | ||
| 500 | _a+ 1 CD-ROM | ||
| 650 | _aADOBE | ||
| 650 | _aILUSTRATOR | ||
| 700 |
_aREBECA SANCHEZ LOPEZ _etraductor |
||
| 942 | _c01 | ||
| 010 | _a47406 | ||
| 999 |
_c221800 _d221800 |
||